Beatles Lyrics Quiz (Part 008) - Statistics

General Stats
  • This quiz has been taken 144 times
  • The average score is 56 of 121
Answer Stats
Answer % Correct
a
99%
the
93%
you
90%
to
81%
when
81%
in
80%
your
74%
is
72%
on
69%
Who
61%
that
60%
See
59%
they
58%
was
57%
how
52%
at
51%
like
48%
come
47%
Did
45%
make
42%
think
40%
has
37%
Lady
37%
Madonna,
37%
Madonna
37%
run
37%
baby
36%
feet
36%
meet
36%
money
36%
child
35%
children
35%
didn't
34%
ends
34%
his
34%
manage
33%
night
33%
Wonder
33%
Friday
32%
sent?
32%
Sunday
32%
Wednesday
32%
morning
31%
never
31%
pay
31%
rent
31%
Tuesday
31%
breast
30%
Heaven
30%
Thursday
30%
feed
29%
papers
28%
rest?
28%
without
28%
finds
27%
ending
25%
head
25%
needed
24%
suitcase
24%
arrives
23%
mending
23%
Monday's
23%
tie
23%
afternoon
22%
stockings
22%
creeping
21%
nun
21%
bootlace
20%
Listen
20%
playing
20%
music
19%
Wonders
19%
bed
17%
lying
17%
learned
14%
No matching quizzes found
Score Distribution
Percent of People with Each Score
Percentile by Number Answered
Your Score History
You have not taken this quiz